Top 10 Città più popolose Provincia di Bergamo - Statistics

Statistiche generali
  • Questo quiz è stato fatto 109 volte
  • Il punteggio medio è 6 su 10
Statistiche sulle risposte
Popolazione (ab.) Città % Corretto
120 569 Bergamo
97%
31 330 Treviglio
95%
25 597 Seriate
86%
22 881 Dalmine
78%
18 087 Albino
65%
18 784 Romano di Lombardia
57%
13 591 Alzano Lombardo
49%
15 882 Caravaggio
42%
12 623 Stezzano
39%
12 080 Osio Sotto
28%
Nessun quiz corrispondente trovato
Distribuzione punteggi
Percentuale di utenti per punteggio
Percentile per numero di risposta
I tuoi punteggi nel tempo
Non hai fatto questo quiz